01424nam a2200277 a 450000100060000000300080000600500170001400800410003103500190007204000320009104100080012308200220013110000360015324500630018925000350025226000510028730000250033849000220036350505110038565000210089670000350091783000300095294200130098299900170099595201340101212983BD-RjUL20211208235403.0190306s1930 u 000 0 eng  a(BD-RjUL)13033 aDLCcABCdEQOdBD-RjULbeng aeng 223a326bSIS 19301 aSimon, Kathleen Harvey,922908110aSlavery /cby Kathleen Simon ; With a pref. by John Simon. aPeople's library ed. , New ed. aLondon :bHodder and Stoughton, limited,c1930 axv, 300 p. ;c23 cm. aPeople's library.0 aPreface to the new edition. -- Preface by Sir John Simon. -- Author's foreword. -- The cry of the slaves.-- The slaves of Abyssinia.-- Sudan.-- Arabia.-- Sierra Leone.-- Liberia.-- Slavery in China.-- Burma.-- Nepal.-- Other forms of servitude.-- Forced labour.-- The gallery of emancipators.-- Slavery and the law.-- Abolition: the new international effort.-- The challenge to civilisation.-- Supplemental chapter. -- Appendices: I. Slavery convention. II. Slave Trade (consolidation) Act, 1873. -- Index. 0aSlavery.9229082 aSimon, John , prefacer9229085 0aPeople's library.9229086 2ddccRAR c12983d12983 00102ddc40718RAREaRUCLbRUCLcRared1963-12-31ePak Law Housel0oRA 326 SIS 1930r2019-03-06 00:00:00tC-1w2019-03-06yRAR